Biblia sacra : secundum Vulgatam Clementinam : Vetus Testamentum : Ezechiel, Daniel, XII Prophetae Minores, Liber I et II Machabaeorum, Oratio Manasse, Liber III et IV Esdrae /

Salvato in:
Dettagli Bibliografici
Autore principale: Hetzenauer, Michael (edición)
Natura: Libro
Lingua:latino
Pubblicazione: Ratisbona, Alemania : Friedrich Pustet, 1922
Soggetti:
Tags: Aggiungi Tag
Nessun Tag, puoi essere il primo ad aggiungerne!!

MARC

LEADER 00000nam^a2200000^a^4500
001 000403331
005 20250526000000.0
009 20260526143642.617
037 |a Acervo ITESO - Biblioteca 
041 |a LAT 
082 |a 220.  |b BIB HET V. 4 
100 |a Hetzenauer, Michael  |e (edición) 
240 1 1 |a [Biblia] 
245 1 0 |a Biblia sacra :  |b secundum Vulgatam Clementinam : Vetus Testamentum : Ezechiel, Daniel, XII Prophetae Minores, Liber I et II Machabaeorum, Oratio Manasse, Liber III et IV Esdrae /  |c Ed. de M. Hetzenauer. 
264 1 |a Ratisbona, Alemania :  |b Friedrich Pustet,  |c 1922 
300 |a 436 p. ;  |c 14.0 cm. 
336 |a texto  |b txt  |2 rdacontenido 
337 |a sin mediación  |b n  |2 rdamedio 
338 |a volumen  |b nc  |2 rdasoporte 
561 |a Ex libris de Ignacio Díaz Morales 
649 |a XX 
650 |a Biblia -  |x Antiguo Testamento -  |x Libros Proféticos (Mayores) -  |x Ezequiel 
650 |a Biblia -  |x Antiguo Testamento -  |x Libros Proféticos (Mayores) -  |x Daniel 
650 |a Biblia -  |x Antiguo Testamento -  |x Libros Proféticos 
650 |a Biblia -  |x Antiguo Testamento -  |x Libros Históricos -  |x Macabeos 
650 |a Biblia -  |x Antiguo Testamento -  |x Libros Apócrifos -  |x Oración de Manasés 
650 |a Biblia -  |x Antiguo Testamento -  |x Libros Históricos -  |x Esdras 
650 |a Biblia -  |x Antiguo Testamento -  |x Tema Principal 
650 |a Libros Sagrados 
650 |a Judaísmo 
650 |a Cristianismo 
650 |a Religión 
910 |a Fondo Ignacio Díaz Morales 
920 |a Impresos - Libros 
930 |a Libros Antiguos y Raros 
940 |a Arquitectos Jaliscienses 
905 |a 108 
901 |a 0500298633  |b IT2  |c LRA  |i D66227  |u 20250526 
902 |a https://opac.biblio.iteso.mx/vufind/Record/000403331